000 00607nam a2200169 a 4500
001 000040595
005 20201002034235.0
008 130902s2011 sp 001 0 spa d
020 _a9788420542249
040 _aDO-SdBNP
_bspa
_cBNPHU
245 1 0 _aHistoria de la psicología /
_cThomas Hardy Leahey ; traducción Aurora Suengas Goenechea ; revisión técnica María del Mar Bernal Rivas, María José Sampedro Vizcaya.
250 _a6a. ed.
260 _aMadrid :
_bPearson Educación,
_c2011.
300 _aXVI, 493 p. :
_bil. ;
_c27 cm.
490 1 _aIncluye índice
504 _aBibliografía: p.455-484
999 _c40085
_d40085